<?xml version="1.0" encoding="UTF-8"?>
<collection xmlns="http://www.loc.gov/MARC21/slim">
 <record>
  <leader>05586cam a2200961   4500</leader>
  <controlfield tag="001">63625688X</controlfield>
  <controlfield tag="003">DE-627</controlfield>
  <controlfield tag="005">20241003113737.0</controlfield>
  <controlfield tag="007">tu</controlfield>
  <controlfield tag="008">101006s2011    gw |||||      00| ||ger c</controlfield>
  <datafield tag="010" ind1=" " ind2=" ">
   <subfield code="a">  2011454747</subfield>
  </datafield>
  <datafield tag="015" ind1=" " ind2=" ">
   <subfield code="a">10,N40</subfield>
   <subfield code="2">dnb</subfield>
  </datafield>
  <datafield tag="015" ind1=" " ind2=" ">
   <subfield code="a">10,N40</subfield>
   <subfield code="2">dnb</subfield>
  </datafield>
  <datafield tag="016" ind1="7" ind2=" ">
   <subfield code="a">1007251441</subfield>
   <subfield code="2">DE-101</subfield>
  </datafield>
  <datafield tag="020" ind1=" " ind2=" ">
   <subfield code="a">3406614558</subfield>
   <subfield code="c">Gb. : 24,95 €</subfield>
   <subfield code="9">3-406-61455-8</subfield>
  </datafield>
  <datafield tag="020" ind1=" " ind2=" ">
   <subfield code="a">9783406614552</subfield>
   <subfield code="c"> : Gb. : 24,95 €</subfield>
   <subfield code="9">978-3-406-61455-2</subfield>
  </datafield>
  <datafield tag="024" ind1="3" ind2=" ">
   <subfield code="a">9783406614552</subfield>
  </datafield>
  <datafield tag="035" ind1=" " ind2=" ">
   <subfield code="a">(DE-627)63625688X</subfield>
  </datafield>
  <datafield tag="035" ind1=" " ind2=" ">
   <subfield code="a">(DE-576)335492924</subfield>
  </datafield>
  <datafield tag="035" ind1=" " ind2=" ">
   <subfield code="a">(DE-599)DNB1007251441</subfield>
  </datafield>
  <datafield tag="035" ind1=" " ind2=" ">
   <subfield code="a">(OCoLC)742950718</subfield>
  </datafield>
  <datafield tag="035" ind1=" " ind2=" ">
   <subfield code="a">(OCoLC)706860909</subfield>
  </datafield>
  <datafield tag="035" ind1=" " ind2=" ">
   <subfield code="a">(OCoLC)1080911251</subfield>
  </datafield>
  <datafield tag="035" ind1=" " ind2=" ">
   <subfield code="a">(DE-478)952535973</subfield>
  </datafield>
  <datafield tag="040" ind1=" " ind2=" ">
   <subfield code="a">DE-627</subfield>
   <subfield code="b">ger</subfield>
   <subfield code="c">DE-627</subfield>
   <subfield code="e">rakwb</subfield>
  </datafield>
  <datafield tag="041" ind1=" " ind2=" ">
   <subfield code="a">ger</subfield>
  </datafield>
  <datafield tag="044" ind1=" " ind2=" ">
   <subfield code="c">XA-DE-BY</subfield>
  </datafield>
  <datafield tag="050" ind1=" " ind2="0">
   <subfield code="a">N7483.V37</subfield>
  </datafield>
  <datafield tag="082" ind1="0" ind2=" ">
   <subfield code="a">700</subfield>
   <subfield code="q">BSZ</subfield>
  </datafield>
  <datafield tag="082" ind1="0" ind2=" ">
   <subfield code="a">709.2</subfield>
  </datafield>
  <datafield tag="082" ind1="0" ind2="4">
   <subfield code="a">700</subfield>
   <subfield code="q">DNB</subfield>
  </datafield>
  <datafield tag="084" ind1=" " ind2=" ">
   <subfield code="a">Ryk           Vasari, G.</subfield>
   <subfield code="2">asb</subfield>
  </datafield>
  <datafield tag="084" ind1=" " ind2=" ">
   <subfield code="a">RYB 20        Vasari, Giorgio</subfield>
   <subfield code="2">ssd</subfield>
  </datafield>
  <datafield tag="084" ind1=" " ind2=" ">
   <subfield code="a">KU 7 VAS</subfield>
   <subfield code="2">sfb</subfield>
  </datafield>
  <datafield tag="084" ind1=" " ind2=" ">
   <subfield code="a">K 911         Vasari, G.</subfield>
   <subfield code="2">kab</subfield>
  </datafield>
  <datafield tag="084" ind1=" " ind2=" ">
   <subfield code="a">9,10</subfield>
   <subfield code="2">ssgn</subfield>
  </datafield>
  <datafield tag="084" ind1=" " ind2=" ">
   <subfield code="a">LH 63595</subfield>
   <subfield code="q">BVB</subfield>
   <subfield code="2">rvk</subfield>
   <subfield code="0">(DE-625)rvk/94399:</subfield>
  </datafield>
  <datafield tag="084" ind1=" " ind2=" ">
   <subfield code="a">LI 91650</subfield>
   <subfield code="q">DE-24/22sred</subfield>
   <subfield code="2">rvk</subfield>
   <subfield code="0">(DE-625)rvk/97328:</subfield>
  </datafield>
  <datafield tag="084" ind1=" " ind2=" ">
   <subfield code="a">20.31</subfield>
   <subfield code="2">bkl</subfield>
  </datafield>
  <datafield tag="084" ind1=" " ind2=" ">
   <subfield code="a">56.63</subfield>
   <subfield code="2">bkl</subfield>
  </datafield>
  <datafield tag="084" ind1=" " ind2=" ">
   <subfield code="a">18.27</subfield>
   <subfield code="2">bkl</subfield>
  </datafield>
  <datafield tag="090" ind1=" " ind2=" ">
   <subfield code="a">a</subfield>
  </datafield>
  <datafield tag="100" ind1="1" ind2=" ">
   <subfield code="a">Blum, Gerd</subfield>
   <subfield code="d">1965-</subfield>
   <subfield code="0">(DE-588)130496138</subfield>
   <subfield code="0">(DE-627)502594454</subfield>
   <subfield code="0">(DE-576)169475743</subfield>
   <subfield code="4">aut</subfield>
  </datafield>
  <datafield tag="245" ind1="1" ind2="0">
   <subfield code="a">Giorgio Vasari</subfield>
   <subfield code="b">der Erfinder der Renaissance ; eine Biographie</subfield>
   <subfield code="c">Gerd Blum</subfield>
  </datafield>
  <datafield tag="264" ind1=" " ind2="1">
   <subfield code="a">München</subfield>
   <subfield code="b">Beck</subfield>
   <subfield code="c">2011</subfield>
  </datafield>
  <datafield tag="300" ind1=" " ind2=" ">
   <subfield code="a">319 S.</subfield>
   <subfield code="b">Ill.</subfield>
  </datafield>
  <datafield tag="336" ind1=" " ind2=" ">
   <subfield code="a">Text</subfield>
   <subfield code="b">txt</subfield>
   <subfield code="2">rdacontent</subfield>
  </datafield>
  <datafield tag="337" ind1=" " ind2=" ">
   <subfield code="a">ohne Hilfsmittel zu benutzen</subfield>
   <subfield code="b">n</subfield>
   <subfield code="2">rdamedia</subfield>
  </datafield>
  <datafield tag="338" ind1=" " ind2=" ">
   <subfield code="a">Band</subfield>
   <subfield code="b">nc</subfield>
   <subfield code="2">rdacarrier</subfield>
  </datafield>
  <datafield tag="500" ind1=" " ind2=" ">
   <subfield code="a">Literaturverz. S. [286] - 309</subfield>
  </datafield>
  <datafield tag="520" ind1=" " ind2=" ">
   <subfield code="a">Giorgio Vasari (1511-1574) wurde mit seinen Viten, den Lebensbeschreibungen der berühmtesten Künstler, zum Erfinder der Renaissance, die er als erster umfassend beschrieb und in bis heute profunder Weise deutete. Ausserdem war er Maler und Architekt, Hofkünstler und Unternehmer. In dieser neuen Biographie erzählt Gerd Blum vom Leben und von der Zeit des universalen Künstlers und führt durch den Kosmos seines Œuvres. Vasaris Schaffen fiel in eine unruhige Zeit zwischen Hochrenaissance und Gegenreformation, zwischen Humanismus und Frühabsolutismus. Von diesen Spannungen sind auch seine Viten geprägt, welche die Biographien von über 150 Künstlern der Renaissance überliefern und darüber hinaus die Geburtsstunde der Kunstgeschichte markieren. Auch als Architekt, dem wir die Uffizien, und als Maler, dem wir beeindruckende Gemäldezyklen verdanken, zog Vasari die Summe aus den bisherigen Leistungen der Renaissance</subfield>
  </datafield>
  <datafield tag="583" ind1="1" ind2=" ">
   <subfield code="a">Archivierung/Langzeitarchivierung gewährleistet</subfield>
   <subfield code="f">SSG</subfield>
   <subfield code="x">XA-DE-BW</subfield>
   <subfield code="2">pdager</subfield>
   <subfield code="5">DE-16</subfield>
  </datafield>
  <datafield tag="600" ind1="1" ind2="0">
   <subfield code="a">Vasari, Giorgio</subfield>
   <subfield code="d">1511-1574</subfield>
  </datafield>
  <datafield tag="600" ind1="1" ind2="7">
   <subfield code="0">(DE-588)118626213</subfield>
   <subfield code="0">(DE-627)133894010</subfield>
   <subfield code="0">(DE-576)163397686</subfield>
   <subfield code="a">Vasari, Giorgio</subfield>
   <subfield code="d">1511-1574</subfield>
   <subfield code="2">gnd</subfield>
  </datafield>
  <datafield tag="600" ind1="1" ind2="4">
   <subfield code="a">Vasari, Giorgio &lt;Architekt, 1562-1625&gt;</subfield>
  </datafield>
  <datafield tag="650" ind1=" " ind2="0">
   <subfield code="a">Artists</subfield>
   <subfield code="z">Italy</subfield>
   <subfield code="v">Biography</subfield>
  </datafield>
  <datafield tag="650" ind1=" " ind2="0">
   <subfield code="a">Biographers</subfield>
   <subfield code="z">Italy</subfield>
   <subfield code="v">Biography</subfield>
  </datafield>
  <datafield tag="650" ind1=" " ind2="0">
   <subfield code="a">Renaissance</subfield>
   <subfield code="z">Italy</subfield>
  </datafield>
  <datafield tag="655" ind1=" " ind2="7">
   <subfield code="a">Biografie</subfield>
   <subfield code="0">(DE-588)4006804-3</subfield>
   <subfield code="0">(DE-627)104213493</subfield>
   <subfield code="0">(DE-576)208867147</subfield>
   <subfield code="2">gnd-content</subfield>
  </datafield>
  <datafield tag="689" ind1="0" ind2="0">
   <subfield code="d">p</subfield>
   <subfield code="0">(DE-588)118626213</subfield>
   <subfield code="0">(DE-627)133894010</subfield>
   <subfield code="0">(DE-576)163397686</subfield>
   <subfield code="a">Vasari, Giorgio</subfield>
   <subfield code="d">1511-1574</subfield>
   <subfield code="2">gnd</subfield>
  </datafield>
  <datafield tag="689" ind1="0" ind2=" ">
   <subfield code="5">DE-101</subfield>
  </datafield>
  <datafield tag="689" ind1="1" ind2="0">
   <subfield code="d">p</subfield>
   <subfield code="0">(DE-588)143691678</subfield>
   <subfield code="0">(DE-627)704571315</subfield>
   <subfield code="0">(DE-576)183853725</subfield>
   <subfield code="a">Vasari, Giorgio</subfield>
   <subfield code="d">1562-1625</subfield>
   <subfield code="2">gnd</subfield>
  </datafield>
  <datafield tag="689" ind1="1" ind2=" ">
   <subfield code="5">(DE-627)</subfield>
  </datafield>
  <datafield tag="776" ind1="1" ind2=" ">
   <subfield code="z">9783406614569</subfield>
  </datafield>
  <datafield tag="776" ind1="0" ind2="8">
   <subfield code="i">Online-Ausg.</subfield>
   <subfield code="a">Blum, Gerd, 1965 - </subfield>
   <subfield code="t">Giorgio Vasari</subfield>
   <subfield code="b">1. Auflage</subfield>
   <subfield code="d">München : verlag C.H. Beck, 2011</subfield>
   <subfield code="h">1 Online-Ressource (319 Seiten)</subfield>
   <subfield code="w">(DE-627)1840931493</subfield>
   <subfield code="z">9783406614569</subfield>
  </datafield>
  <datafield tag="776" ind1="0" ind2="8">
   <subfield code="i">Erscheint auch als</subfield>
   <subfield code="n">Online-Ausgabe</subfield>
   <subfield code="a">Blum, Gerd, 1965 - </subfield>
   <subfield code="t">Giorgio Vasari</subfield>
   <subfield code="b">1. Auflage</subfield>
   <subfield code="d">München : Verlag C.H. Beck, 2011</subfield>
   <subfield code="h">1 Online-Ressource (320 Seiten)</subfield>
   <subfield code="w">(DE-627)174220029X</subfield>
   <subfield code="z">9783406614569</subfield>
  </datafield>
  <datafield tag="776" ind1="0" ind2="8">
   <subfield code="i">Erscheint auch als</subfield>
   <subfield code="n">Online-Ausgabe</subfield>
   <subfield code="a">Blum, Gerd, 1965 - </subfield>
   <subfield code="t">Giorgio Vasari</subfield>
   <subfield code="d">München : Beck, 2011</subfield>
   <subfield code="h">1 Online-Ressource (319 Seiten)</subfield>
   <subfield code="w">(DE-627)1759182338</subfield>
   <subfield code="z">9783406614569</subfield>
  </datafield>
  <datafield tag="787" ind1="0" ind2="8">
   <subfield code="i">Rezension</subfield>
   <subfield code="a">Sprigath, Gabriele, 1940 - </subfield>
   <subfield code="t">Blum, Gerd, Giorgio Vasari</subfield>
   <subfield code="d">Heidelberg : Univ.-Bibl., 2011</subfield>
   <subfield code="h">Online-Ressource</subfield>
   <subfield code="w">(DE-627)1651258031</subfield>
   <subfield code="w">(DE-576)357878914</subfield>
  </datafield>
  <datafield tag="787" ind1="0" ind2="8">
   <subfield code="i">Rezensiert in</subfield>
   <subfield code="a">Linke, Alexander</subfield>
   <subfield code="t">[Rezension von: Gerd Blum, Giorgio Vasari. Der Erfinder der Renaissance]</subfield>
   <subfield code="d">2012</subfield>
   <subfield code="w">(DE-627)1802100113</subfield>
  </datafield>
  <datafield tag="856" ind1="4" ind2="2">
   <subfield code="u">https://swbplus.bsz-bw.de/bsz335492924rez.htm</subfield>
   <subfield code="m">B:DE-576;DE-16</subfield>
   <subfield code="q">application/pdf</subfield>
   <subfield code="v">20121001165456</subfield>
   <subfield code="x">Verlag</subfield>
   <subfield code="3">Rezension</subfield>
  </datafield>
  <datafield tag="856" ind1="4" ind2="2">
   <subfield code="u">http://www.sehepunkte.de/2012/09/20106.html</subfield>
   <subfield code="m">V:DE-576;X:Sehepunkte</subfield>
   <subfield code="q">text/html</subfield>
   <subfield code="v">20180413101158</subfield>
   <subfield code="3">Rezension</subfield>
  </datafield>
  <datafield tag="935" ind1=" " ind2=" ">
   <subfield code="i">sf</subfield>
  </datafield>
  <datafield tag="935" ind1=" " ind2=" ">
   <subfield code="i">Blocktest</subfield>
  </datafield>
  <datafield tag="936" ind1="r" ind2="v">
   <subfield code="a">LH 63595</subfield>
   <subfield code="b">Vasari, Giorgio</subfield>
   <subfield code="k">Kunstgeschichte</subfield>
   <subfield code="k">Allgemeines. Allgemeine Kunstgeschichte</subfield>
   <subfield code="k">Geschichte der Kunstwissenschaft</subfield>
   <subfield code="k">Schriften über Kunsthistoriker</subfield>
   <subfield code="k">Einzeldarstellungen (Autobiografien,Biografien, Festansprachen, Leichenreden, Nachrufe u. dergl.)</subfield>
   <subfield code="k">Namen V</subfield>
   <subfield code="k">Vasari, Giorgio</subfield>
   <subfield code="0">(DE-627)1271293226</subfield>
   <subfield code="0">(DE-625)rvk/94399:</subfield>
   <subfield code="0">(DE-576)201293226</subfield>
  </datafield>
  <datafield tag="936" ind1="r" ind2="v">
   <subfield code="a">LI 91650</subfield>
   <subfield code="b">Vasari, Giorgio</subfield>
   <subfield code="k">Kunstgeschichte</subfield>
   <subfield code="k">Künstler-Monografien</subfield>
   <subfield code="k">Alphabetische Künstlerliste</subfield>
   <subfield code="k">Künstler V</subfield>
   <subfield code="k">Vasari, Giorgio</subfield>
   <subfield code="0">(DE-627)1271166070</subfield>
   <subfield code="0">(DE-625)rvk/97328:</subfield>
   <subfield code="0">(DE-576)201166070</subfield>
  </datafield>
  <datafield tag="936" ind1="b" ind2="k">
   <subfield code="a">20.31</subfield>
   <subfield code="j">Bildende Künstler</subfield>
   <subfield code="0">(DE-627)181571080</subfield>
  </datafield>
  <datafield tag="936" ind1="b" ind2="k">
   <subfield code="a">56.63</subfield>
   <subfield code="j">Architekten</subfield>
   <subfield code="j">Baumeister</subfield>
   <subfield code="0">(DE-627)106403842</subfield>
  </datafield>
  <datafield tag="936" ind1="b" ind2="k">
   <subfield code="a">18.27</subfield>
   <subfield code="j">Italienische Literatur</subfield>
   <subfield code="0">(DE-627)106405462</subfield>
  </datafield>
  <datafield tag="951" ind1=" " ind2=" ">
   <subfield code="a">BO</subfield>
  </datafield>
  <datafield tag="990" ind1=" " ind2=" ">
   <subfield code="a">Vasari, Giorgio</subfield>
  </datafield>
  <datafield tag="990" ind1=" " ind2=" ">
   <subfield code="a">Vasari, Giorgio</subfield>
  </datafield>
  <datafield tag="991" ind1=" " ind2=" ">
   <subfield code="a">Rezensiertes Werk</subfield>
  </datafield>
  <datafield tag="999" ind1=" " ind2=" ">
   <subfield code="a">KXP-PPN63625688X</subfield>
   <subfield code="e">4169739582</subfield>
  </datafield>
 </record>
</collection>
